| 000 | 00495nam a2200157 a 4500 | ||
|---|---|---|---|
| 001 | 000039793 | ||
| 005 | 20201002033734.0 | ||
| 008 | 130722s1913 sp 000 0 spa d | ||
| 040 |
_aDO-SdBNP _bspa _cBNPHU |
||
| 100 | 1 |
_aCampoamor, Ramón de _959210 |
|
| 245 | 1 | 0 |
_aPoesías selectas / _cRamón de Campoamor. |
| 260 |
_aMadrid : _bEstablecimiento Tipográfico, _c1913. |
||
| 300 |
_a176 p. ; _c21 cm. |
||
| 490 | 1 | _aBiblioteca de la Moda Elegante | |
| 830 | 0 |
_aBiblioteca de la Moda Elegante _965990 |
|
| 999 |
_c39283 _d39283 |
||